000 00292nam a2200133Ia 4500
100 _aSkidmore/Steve/ Wroe/B
942 _cBK
654 _aSystem Design
245 _aIntroducing System Design
260 _bB P B Pub.
_aNEW DELHI
_c1992
300 _a308
546 _aENGLISH
999 _c23986
_d23986